[Event "2024 North Island Championships"]
[Site "Wellington NZL"]
[Date "2024.03.29"]
[Round "2.26"]
[White "Sun, Oliver"]
[Black "Sethuramalingam, Karthik"]
[Result "0-1"]
[WhiteElo "1072"]
[BlackElo "1672"]
[WhiteFideId "4325184"]
[BlackFideId "4320964"]
[PlyCount "0"]
[EventDate "2024.03.29"]
[SourceDate ""]

1. e4 c6 2. d4 d5 3. f3 e6 4. Nc3 Bb4 5. Ne2 dxe4 6. fxe4 Qh4+ 7. Ng3 Nf6 8.
Bd3 Bxc3+ 9. bxc3 O-O 10. e5 Ng4 11. Qf3 f6 12. h3 Nh6 13. Rf1 Nd7 14. Ba3 Rf7
15. Qf4 Qxf4 16. Rxf4 fxe5 17. Rxf7 Nxf7 18. Kd2 exd4 19. cxd4 e5 20. dxe5
Ndxe5 21. Be4 Nc4+ 22. Kc3 Nxa3 23. Re1 Nb5+ 24. Kb2 Bd7 25. Rd1 Nbd6 26. Bf3
Be6 27. Re1 Re8 28. c3 Ng5 29. Bd1 Bd5 30. Rg1 Nge4 31. Ne2 Nc4+ 32. Kc1 Ne3
33. Bc2 Nxc2 34. Kxc2 Bxa2 35. Ra1 Bc4 36. Nd4 c5 37. Nf3 a6 38. Ra4 Be2 39.
Ng1 Bf1 40. g4 Ng5 41. h4 Nh3 42. Nf3 Re2+ 43. Kd1 Nf2+ 44. Kc1 Nd3+ 45. Kb1
Bg2 46. Ng5 h6 47. Ra3 hxg5 48. c4 Be4 49. hxg5 Nb4+ 50. Kc1 Rc2+ 51. Kd1 Bf3+
52. Ke1 Nd3+ 53. Kf1 Rc1# 0-1

[Event "2024 North Island Championships"]
[Site "Wellington NZL"]
[Date "2024.03.29"]
[Round "2.33"]
[White "Mayer, Uri"]
[Black "Hara, Koki"]
[Result "1-0"]
[WhiteElo "1571"]
[BlackElo "983"]
[WhiteFideId "2862298"]
[BlackFideId "4313305"]
[PlyCount "0"]
[EventDate "2024.03.29"]
[SourceDate ""]

1. e4 c5 2. Nf3 Nc6 3. d4 cxd4 4. Nxd4 e5 5. Nb5 a6 6. Nd6+ Bxd6 7. Qxd6 Nf6 8.
Nc3 Qe7 9. Qxe7+ Nxe7 10. Bg5 d6 11. O-O-O Kd7 12. f4 Ng4 13. fxe5 Nxe5 14.
Bxe7 Kxe7 15. Nd5+ Kd8 16. Nb6 Rb8 17. Rxd6+ Kc7 18. Nxc8 Rbxc8 19. Rd5 Nc6 20.
Bc4 Kb8 21. Bb3 Rhe8 22. Rf1 Rxe4 23. Rxf7 Rg4 24. Rdd7 Nd8 25. Rxg7 Rxg7 26.
Rxg7 h5 27. Rh7 Rc5 28. Rd7 Nc6 29. Rd5 Rxd5 30. Bxd5 Ne5 31. Bf3 h4 32. b3 Kc7
33. Kd2 b6 34. Ke3 a5 35. Kf4 Kd6 36. Kg5 Nxf3+ 37. gxf3 h3 38. f4 Ke7 39. f5
b5 40. f6+ Kf7 41. c4 b4 42. c5 Ke8 43. c6 a4 44. bxa4 b3 45. axb3 Kf8 46. c7
Kg8 47. c8=Q+ Kf7 48. Qd7+ Kf8 49. a5 Kg8 50. Qg7# 1-0

[Event "2024 North Island Championships"]
[Site "Wellington NZL"]
[Date "2024.03.29"]
[Round "3.1"]
[White "Chang, Luke"]
[Black "Ker, Anthony F"]
[Result "0-1"]
[WhiteElo "1866"]
[BlackElo "2217"]
[WhiteFideId "4325605"]
[BlackFideId "4300084"]

1. e4 c5 2. Nf3 g6 3. d4 cxd4 4. Nxd4 Nc6 5. c4 Nf6 6. Nc3 d6 7. Be2 Nxd4 8.
Qxd4 Bg7 9. Be3 O-O 10. Qd2 Be6 11. b3 Nxe4 12. Nxe4 Bxa1 13. O-O Bg7 14. h4
Bd7 15. h5 Bc6 16. Ng3 d5 17. Rd1 dxc4 18. Qc1 Qa5 19. hxg6 hxg6 20. Bxc4 Rad8
21. Rf1 Bd5 22. Bh6 Bxc4 23. Bxg7 Kxg7 24. Qxc4 Rh8 25. b4 Qe5 26. a4 Qd4 27.
Qb3 e5 28. Re1 Rh4 29. Qf3 Qxb4 30. Rc1 Qxa4 31. Rc7 Qd1+ 32. Qxd1 Rxd1+ 33.
Nf1 Rb4 34. Rc6 0-1

[Event "2024 North Island Championships"]
[Site "Wellington NZL"]
[Date "2024.03.29"]
[Round "3.2"]
[White "Croad, Nicolas"]
[Black "Ashton, Matthew"]
[Result "1-0"]
[WhiteElo "2209"]
[BlackElo "1837"]
[WhiteFideId "4300793"]
[BlackFideId "4313003"]

1. d4 d5 2. c4 e6 3. g3 Nf6 4. Bg2 c6 5. Nf3 Be7 6. O-O O-O 7. Qc2 Nbd7 8. Rd1
Ne4 9. b3 Ndf6 10. Ne5 Nd6 11. Nd2 Nd7 12. Nd3 Nf5 13. Bb2 Bf6 14. Nf3 b6 15.
Nfe5 Bb7 16. e4 Bxe5 17. exf5 Bf6 18. fxe6 fxe6 19. f4 Qc7 20. cxd5 exd5 21.
Bxd5+ Kh8 22. Ne5 Nxe5 23. dxe5 Be7 24. Be4 c5 25. Rd2 Rad8 26. Rad1 Rxd2 27.
Rxd2 Rd8 28. Rxd8+ Bxd8 29. Bxb7 Qxb7 30. Qd3 Qe7 31. f5 Kg8 32. Qd5+ Kf8 33.
Kg2 Bc7 34. h4 Qe8 35. g4 Qb5 36. Qa8+ Kf7 37. e6+ Ke7 38. Qe4 Qa5 39. Qe2 Qb4
40. Bxg7 Qf4 41. f6+ Ke8 1-0

[Event "2024 North Island Championships"]
[Site "Wellington NZL"]
[Date "2024.03.29"]
[Round "3.3"]
[White "Steele, Hayden"]
[Black "Dive, Russell J"]
[Result "0-1"]
[WhiteElo "1812"]
[BlackElo "2192"]
[WhiteFideId "4319176"]
[BlackFideId "4300106"]

1. e4 Nf6 2. e5 Nd5 3. d4 d6 4. c4 Nb6 5. f4 dxe5 6. fxe5 Nc6 7. Be3 Bf5 8. Nc3
e6 9. Nf3 Bg4 10. Be2 Be7 11. O-O O-O 12. Qd2 Qe8 13. c5 Nd5 14. Nxd5 exd5 15.
b4 a6 16. a4 Nd8 17. b5 axb5 18. axb5 Ne6 19. Qb2 Rxa1 20. Rxa1 f6 21. h3 Bh5
22. Qb3 c6 23. bxc6 bxc6 24. g4 Bg6 25. Ra7 Be4 26. Nd2 fxe5 27. Nxe4 exd4 28.
Bf2 Nxc5 29. Nxc5 Bxc5 30. Ra2 d3 31. Bf3 Rxf3 32. Bxc5 Qe1+ 33. Kg2 Qf1+ 0-1

[Event "2024 North Island Championships"]
[Site "Wellington NZL"]
[Date "2024.03.29"]
[Round "3.4"]
[White "Rains, Edward"]
[Black "Wang, Justin Zhide"]
[Result "0-1"]
[WhiteElo "2041"]
[BlackElo "1825"]
[WhiteFideId "4302940"]
[BlackFideId "4312830"]

1. e4 e6 2. d4 d5 3. e5 c5 4. c3 Nc6 5. Nf3 Qb6 6. Bd3 Bd7 7. dxc5 Bxc5 8. O-O
Qc7 9. b4 Bf8 10. Re1 Nge7 11. h4 h6 12. a4 g6 13. Qe2 Bg7 14. Ba3 Nc8 15. Nbd2
N6e7 16. Rec1 O-O 17. b5 Re8 18. c4 Qd8 19. c5 a6 20. bxa6 bxa6 21. Bxa6 Nc6
22. Bb5 Qc7 23. Bb2 N8e7 24. Nb3 Reb8 25. Re1 Nd8 26. Nbd4 Nec6 27. Bxc6 Bxc6
28. Nxc6 Nxc6 29. Bc3 Rb7 30. Qc2 Nb4 31. Qd2 Na6 32. Bd4 Nb8 33. Qc3 Nc6 34.
Rec1 Rb4 35. a5 Rc4 36. Qd2 Nxd4 37. Rxc4 Nxf3+ 38. gxf3 dxc4 39. f4 Qxc5 40.
a6 Qc8 41. a7 Qc7 42. Qc3 Rxa7 43. Rxa7 Qxa7 44. Qxc4 Qa1+ 45. Kg2 Qd1 46. f3
Qd2+ 47. Kf1 Qh2 48. Qc8+ Bf8 49. Qc4 Qxh4 50. Qe4 Qh3+ 51. Ke2 Qf5 52. Qd4 h5
53. Ke3 Qc2 54. Qd8 h4 55. f5 Qxf5 56. Qxh4 Qxe5+ 57. Kd3 Qd5+ 58. Ke2 Qa2+ 59.
Kd3 Qb1+ 60. Ke2 Qc2+ 61. Kf1 Qd1+ 62. Kf2 Bc5+ 0-1

[Event "2024 North Island Championships"]
[Site "Wellington NZL"]
[Date "2024.03.29"]
[Round "3.5"]
[White "Ha, Timothy Huy Minh"]
[Black "Winter, Ryan"]
[Result "0-1"]
[WhiteElo "1808"]
[BlackElo "2037"]
[WhiteFideId "12417246"]
[BlackFideId "4306295"]

1. e4 c5 2. Nf3 e6 3. c3 Nf6 4. e5 Nd5 5. d4 cxd4 6. cxd4 d6 7. Be2 Bd7 8. Nc3
Nxc3 9. bxc3 Bc6 10. O-O Be7 11. Ba3 O-O 12. exd6 Bxd6 13. Bxd6 Qxd6 14. Ne5
Nd7 15. Nxd7 Qxd7 16. Bf3 Rac8 17. Rc1 Bxf3 18. Qxf3 Rc4 19. Rfd1 Rd8 20. h3 h6
21. Qe2 Qc6 22. Qe3 Rd5 23. Qf3 b5 24. Rd2 a6 25. Rdc2 Qc8 26. Qe2 Rd6 27. Qf3
b4 28. Qg3 Rdc6 29. Rb1 Rxc3 30. Rxc3 bxc3 31. Rc1 c2 32. Qd3 Rc3 33. Qd2 Qc6
34. f3 Qc4 35. Kh2 Qc6 36. Kg1 Rc4 37. Kh2 Qa4 38. a3 Qxa3 39. Rxc2 Qd6+ 40. g3
Rxc2 41. Qxc2 Qxd4 42. Qc8+ Kh7 43. Qc2+ g6 44. g4 Kg7 45. h4 a5 46. Kg3 e5 47.
Qa2 a4 48. g5 hxg5 49. hxg5 Qf4+ 0-1

[Event "2024 North Island Championships"]
[Site "Wellington NZL"]
[Date "2024.03.29"]
[Round "3.6"]
[White "Archer, Ollie"]
[Black "Thurner, Anya"]
[Result "1-0"]
[WhiteElo "2004"]
[BlackElo "1809"]
[WhiteFideId "4317262"]
[BlackFideId "4307780"]

1. d4 d5 2. c4 e6 3. Nc3 Nf6 4. Nf3 Be7 5. Bg5 h6 6. Bh4 O-O 7. e3 b6 8. cxd5
exd5 9. Bd3 Be6 10. O-O Nbd7 11. Rc1 c5 12. h3 Re8 13. Ne5 Nxe5 14. dxe5 Nd7
15. Bxe7 Rxe7 16. f4 f5 17. Nb5 c4 18. Bb1 Nc5 19. Nd6 Qd7 20. Nxf5 Bxf5 21.
Bxf5 Qb7 22. Qh5 Ne6 23. Bxe6+ Rxe6 24. Rfd1 Ree8 25. Rd4 Rad8 26. Rcd1 Re7 27.
e4 Red7 28. e6 Rd6 29. Rxd5 Rxd5 30. Rxd5 Rxd5 31. Qxd5 Qe7 32. Qd7 Qc5+ 33.
Kh2 Qf2 34. Qf7+ Kh7 35. e7 1-0

[Event "2024 North Island Championships"]
[Site "Wellington NZL"]
[Date "2024.03.29"]
[Round "3.7"]
[White "Brockway, Andrew"]
[Black "Timergazi, Layla"]
[Result "0-1"]
[WhiteElo "1698"]
[BlackElo "1976"]
[WhiteFideId "4301340"]
[BlackFideId "4303733"]

1. e4 c6 2. d4 d5 3. exd5 cxd5 4. Bd3 Nc6 5. c3 Qc7 6. Ne2 Bg4 7. f3 Bd7 8. Bf4
e5 9. dxe5 Nxe5 10. Bc2 Nf6 11. O-O Bd6 12. Nd2 O-O-O 13. Bxe5 Bxe5 14. f4 Bd6
15. h3 Bb5 16. Bf5+ Kb8 17. a4 Bxe2 18. Qxe2 Bxf4 19. Nb3 g6 20. Rxf4 Qxf4 21.
Rf1 Qd6 22. Bd3 Rhe8 23. Qf3 Nd7 24. Bb5 Ne5 25. Qf2 Re7 26. Rd1 a6 27. Bf1 Nc6
28. Nc5 d4 29. Nb3 Qe5 30. cxd4 Qe3 31. Rd3 Qxf2+ 32. Kxf2 Re4 33. Re3 Rf4+ 34.
Ke1 Nxd4 35. Nxd4 Rfxd4 36. b3 Rd1+ 37. Kf2 R8d6 38. Bc4 Rf6+ 39. Kg3 Rd7 40.
Re2 Rf5 41. Re8+ Kc7 42. Rh8 h5 43. Re8 Kd6 44. b4 Rc7 45. Rd8+ Ke7 46. Rd4 b5
47. axb5 axb5 48. Re4+ Kf6 49. Be2 Rc3+ 50. Bf3 Rc4 51. Rxc4 bxc4 52. Be2 c3
53. Bd3 Rd5 0-1

[Event "2024 North Island Championships"]
[Site "Wellington NZL"]
[Date "2024.03.29"]
[Round "3.8"]
[White "Nicholls, Leighton"]
[Black "Weng, Winston"]
[Result "1/2-1/2"]
[WhiteElo "1930"]
[BlackElo "1800"]
[WhiteFideId "4303776"]
[BlackFideId "4306414"]

1. f4 d5 2. Nf3 g6 3. g3 Bg7 4. Bg2 c5 5. d3 Nc6 6. O-O Nf6 7. Qe1 O-O 8. e4
dxe4 9. dxe4 e5 10. Nxe5 Nxe5 11. fxe5 Ng4 12. c3 Nxe5 13. Na3 b6 14. Bf4 Re8
15. Bxe5 Bxe5 16. Rd1 Qe7 17. Nc2 Be6 18. a3 Bb3 19. Rd2 Bxc2 20. Rxc2 Rad8 21.
Rff2 Rd6 22. Rcd2 Red8 23. Rfe2 h5 24. Rd5 Re6 25. Rxd8+ Qxd8 26. Rd2 Rd6 27.
Rd5 Kg7 28. Qd1 h4 29. Rxd6 Qxd6 30. Qxd6 Bxd6 31. Kf2 hxg3+ 32. hxg3 Kf6 33.
Bf1 Ke5 34. Bc4 f5 35. exf5 gxf5 36. Kf3 Bf8 37. b4 Bh6 38. bxc5 bxc5 39. Bb5
Bd2 40. c4 Kd4 41. a4 Kc3 42. Ba6 Bg5 43. Bb5 Kb4 44. Kg2 Ka5 45. Bd7 a6 46.
Bc8 f4 47. gxf4 Bxf4 1/2-1/2

[Event "2024 North Island Championships"]
[Site "Wellington NZL"]
[Date "2024.03.30"]
[Round "3.9"]
[White "Winsley, Nicholas"]
[Black "Campbell, Cazna"]
[Result "1-0"]
[WhiteElo "1871"]
[BlackElo "1717"]

1. d4 d5 2. c4 e6 3. Nc3 c6 4. Nf3 f5 5. e3 Nf6 6. Be2 Nbd7 7. cxd5 exd5 8. a3
Bd6 9. b4 a6 10. Na4 O-O 11. O-O Ne4 12. Bb2 Qe7 13. g3 g5 14. Nc5 f4 15. Nxe4
dxe4 16. Bc4+ Kg7 17. d5+ Kh6 18. Nxg5 Qxg5 19. dxc6 Qg6 20. cxd7 Bxd7 21. exf4
Bh3 22. Re1 Rg8 23. f5 Bxf5 24. Qd2+ Kh5 25. Be2+ Bg4 26. Qd5+ Qg5 27. Bxg4+
1-0

[Event "2024 North Island Championships"]
[Site "Wellington NZL"]
[Date "2024.03.30"]
[Round "3.10"]
[White "Liu, Richard Jingjie"]
[Black "Young, Cohen"]
[Result "0-1"]
[WhiteElo "1713"]
[BlackElo "1914"]

1. e4 c5 2. Nf3 e6 3. d4 cxd4 4. Nxd4 Nf6 5. Nc3 Nc6 6. Ndb5 d6 7. Bf4 e5 8.
Bg5 a6 9. Na3 b5 10. Nd5 Be7 11. Bxf6 Bxf6 12. c3 Bg5 13. Nc2 Be6 14. Nce3 Ne7
15. g3 Bxe3 16. Nxe3 d5 17. exd5 Nxd5 18. Bg2 Nxe3 19. fxe3 Qxd1+ 20. Rxd1 Rb8
21. Bd5 Bg4 22. Rd2 Ke7 23. O-O f6 24. Bf3 Be6 25. Rfd1 g5 26. b4 Rb6 27. Kf2
Rc8 28. Rc1 f5 29. h4 h6 30. hxg5 hxg5 31. Rdc2 Kf6 32. Rh1 e4 33. Be2 Rbc6 34.
Rhc1 Ke5 35. Kg2 f4 36. exf4+ gxf4 37. gxf4+ Kxf4 38. Rf1+ Ke3 39. Re1 Rg8+ 40.
Kh2 Kf4 41. Rf1+ Ke5 42. Rg1 Rh8+ 43. Kg3 Rh3+ 44. Kf2 Rhxc3 45. Rxc3 Rxc3 46.
Rg5+ Kf4 47. Rg6 e3+ 48. Ke1 Rc1+ 49. Bd1 Bxa2 50. Rxa6 Bb3 51. Rd6 Rxd1+ {0-1}
0-1

[Event "2024 North Island Championships"]
[Site "Wellington NZL"]
[Date "2024.03.30"]
[Round "3.11"]
[White "Coates, Alex"]
[Black "Van der Hoorn, Thomas"]
[Result "1-0"]
[WhiteElo "1721"]
[BlackElo "1874"]
[WhiteFideId "4311540"]
[BlackFideId "4314565"]
[PlyCount "0"]
[EventDate "2024.03.29"]
[SourceDate ""]

1. d4 Nf6 2. c4 e6 3. Nc3 Bb4 4. Qc2 O-O 5. Bg5 h6 6. Bh4 c5 7. dxc5 Na6 8. Nf3
Nxc5 9. e3 Nce4 10. Bd3 Bxc3+ 11. bxc3 Nc5 12. O-O b6 13. Nd4 Bb7 14. f3 Rc8
15. Nb5 Nxd3 16. Qxd3 d5 17. Nxa7 Rxc4 18. Nb5 Rxh4 1-0

[Event "2024 North Island Championships"]
[Site "Wellington NZL"]
[Date "2024.03.30"]
[Round "3.12"]
[White "Malcolm, Leo"]
[Black "Yang, Edison J"]
[Result "1-0"]
[WhiteElo "1794"]
[BlackElo "1552"]
[WhiteFideId "4317408"]
[BlackFideId "4317432"]
[PlyCount "0"]
[EventDate "2024.03.29"]
[SourceDate ""]

1. e4 e6 2. d4 d5 3. e5 c5 4. c3 Nc6 5. Nf3 Qb6 6. Bd3 Bd7 7. dxc5 Bxc5 8. O-O
f6 9. Qe2 fxe5 10. Nxe5 Nf6 11. g4 Nxe5 12. Qxe5 O-O 13. Qe2 Ne4 14. Bxe4 dxe4
15. b4 Bxb4 16. cxb4 Bb5 17. Qe3 Qxe3 18. Bxe3 Bxf1 19. Kxf1 a5 20. b5 Rad8 21.
Nd2 Rd3 22. Ke2 Rd5 23. a4 Re5 24. Nc4 Rd5 25. Nxa5 Rb8 26. Rc1 Rd3 27. Rc4 Ra3
28. Rxe4 Ra2+ 29. Kd3 e5 30. Rc4 Ra1 31. b6 Rh1 32. Nxb7 1-0

[Event "2024 North Island Championships"]
[Site "Wellington NZL"]
[Date "2024.03.30"]
[Round "3.14"]
[White "Hampshire, Thomas"]
[Black "Cummings, Nick"]
[Result "1/2-1/2"]
[WhiteElo "1640"]
[BlackElo "1899"]

1. e4 c6 2. d4 d5 3. exd5 cxd5 4. Bd3 Nc6 5. c3 Qc7 6. Nf3 Bg4 7. O-O e6 8. Be3
Bd6 9. h3 Bh5 10. Nbd2 Nf6 11. Qc2 Rc8 12. b3 O-O 13. c4 Nb4 14. Qb1 Bxf3 15.
gxf3 Nxd3 16. Qxd3 Bf4 17. Rac1 Bxe3 18. Qxe3 Qd6 19. c5 Qc7 20. Qg5 h6 21. Qh4
Qa5 22. Rc2 Rc6 23. Kh1 b6 24. Rg1 Kh8 25. Rxg7 Kxg7 26. Rc1 e5 27. dxe5 Ng8
28. Qd4 bxc5 29. Qxd5 Ne7 30. Qd7 Qc7 31. Rg1+ Ng6 32. Qg4 Qd8 33. Ne4 Re8 34.
f4 Qd5 1/2-1/2

[Event "2024 North Island Championships"]
[Site "Wellington NZL"]
[Date "2024.03.30"]
[Round "3.15"]
[White "Langford, Joshua"]
[Black "Li, Olivia"]
[Result "1-0"]
[WhiteElo "1896"]
[BlackElo "1595"]

1. e4 e6 2. d4 d5 3. e5 c5 4. c3 Nc6 5. Nf3 Qb6 6. Bd3 Bd7 7. dxc5 Bxc5 8. O-O
Qc7 9. Re1 a6 10. b4 Ba7 11. Na3 b5 12. Be3 Bxe3 13. Rxe3 Nge7 14. Nb1 d4 15.
cxd4 Nxb4 16. Be4 Rc8 17. Rc3 Bc6 18. Nbd2 Qd7 19. a3 Nbd5 20. Rc5 Nf4 21. Rac1
h6 22. Bb1 Bb7 23. Ne4 O-O 24. Nd6 Rxc5 25. Rxc5 Nc8 26. Qc2 Ng6 27. Rc7 Qd8
28. Nxb7 Qd5 29. Nh4 Re8 30. Nxg6 fxg6 31. Qxg6 Re7 32. Rxc8+ Re8 33. Rxe8# 1-0

[Event "2024 North Island Championships"]
[Site "Wellington NZL"]
[Date "2024.03.30"]
[Round "3.17"]
[White "Sova, Leo"]
[Black "Benitez, Edgar"]
[Result "0-1"]
[WhiteElo "1583"]
[BlackElo "1855"]

1. e4 e5 2. Nf3 Nc6 3. Bc4 Bc5 4. c3 Nf6 5. d3 h6 6. b4 Bd6 7. a4 a6 8. O-O O-O
9. Nbd2 Be7 10. Bb2 d6 11. h3 Be6 12. Bb3 Bxb3 13. Nxb3 Nd7 14. d4 f5 15. exf5
e4 16. Nfd2 d5 17. Qg4 Nf6 18. Qf4 Bd6 19. Qe3 Ne7 20. g4 c6 21. f3 Qc7 22.
fxe4 dxe4 23. Nxe4 Ned5 24. Nxf6+ Rxf6 25. Qf3 Re8 26. Rae1 Rff8 27. Nd2 Bg3
28. Rxe8 Rxe8 29. Ne4 Bh4 30. Bc1 Rxe4 31. Qxe4 Qg3+ 32. Qg2 Qxc3 33. Bd2 Qxd4+
34. Kh1 Qd3 35. Rf3 Qb1+ 36. Qf1 Qe4 37. Qd3 Qe5 38. Kg2 Be7 39. Qc4 Kh8 40. b5
axb5 41. axb5 Bd6 42. Kf1 Qh2 43. bxc6 bxc6 44. Qd4 Be5 45. Qf2 Qh1+ 46. Qg1
Qxf3+ 47. Qf2 Qxh3+ {0-1} 0-1

[Event "2024 North Island Championships"]
[Site "Wellington NZL"]
[Date "2024.03.30"]
[Round "3.18"]
[White "Barry, Jacob"]
[Black "Gan, Emily Cathay"]
[Result "0-1"]
[WhiteElo "1582"]
[BlackElo "1793"]

1. Nf3 Nf6 2. d4 g6 3. Nc3 Bg7 4. e4 d6 5. Bg5 O-O 6. e5 Nh5 7. Bc4 Nc6 8. exd6
Qxd6 9. Be3 Bg4 10. O-O Rab8 11. Be2 Nf4 12. Bxf4 Qxf4 13. g3 Qd6 14. d5 Nb4
15. a3 Bxc3 16. axb4 Bxb2 17. Rxa7 Qxb4 18. Qb1 Qc3 19. Kg2 Qc5 20. Qa2 Qxc2
21. Nd4 Qe4+ 22. Bf3 Qxd4 23. Bxg4 Qxg4 24. Qxb2 Qe4+ 25. Kg1 Qxd5 26. Rc1 c5
27. Qb6 Rfc8 28. Ra5 Qd6 29. Qa7 b6 30. Rb5 Qc7 31. Qa2 c4 32. Qe2 e6 33. Rb4
b5 34. Qb2 Qb7 35. Rb1 c3 36. Qc2 Qd5 37. R4b3 Qd2 38. Qxd2 cxd2 39. Rd3 Rc1+
0-1

[Event "2024 North Island Championships"]
[Site "Wellington NZL"]
[Date "2024.03.30"]
[Round "3.19"]
[White "Keith, Matthew"]
[Black "Mayer, Uri"]
[Result "1/2-1/2"]
[WhiteElo "1791"]
[BlackElo "1571"]
[WhiteFideId "4320913"]
[BlackFideId "2862298"]
[PlyCount "0"]
[EventDate "2024.03.29"]
[SourceDate ""]

1. d4 Nf6 2. c4 e6 3. Nf3 b6 4. g3 Bb7 5. Bg2 c5 6. d5 exd5 7. cxd5 Bxd5 8. Nc3
Bc6 9. Bg5 Be7 10. O-O O-O 11. Qd3 Re8 12. e4 h6 13. Bf4 d6 14. Rad1 Qc8 15.
Rfe1 Na6 16. Qb1 Qb7 17. Bxd6 Bxd6 18. Rxd6 Nxe4 19. Ng5 Nxg5 20. Rxe8+ Rxe8
21. Bxc6 Qb8 22. Rd7 Nb4 23. Bg2 Re6 24. h4 Qe8 25. Rd1 Nh7 26. a3 Nc6 27. Nd5
Rd6 28. Re1 Re6 29. Rd1 1/2-1/2

[Event "2024 North Island Championships"]
[Site "Wellington NZL"]
[Date "2024.03.30"]
[Round "3.20"]
[White "Nazeer, Afique M"]
[Black "Wilson, Dion A"]
[Result "0-1"]
[WhiteElo "1572"]
[BlackElo "1785"]

1. e4 Nc6 2. Nc3 e6 3. d4 Bb4 4. Nf3 d6 5. Bb5 a6 6. Bxc6+ bxc6 7. O-O d5 8. e5
Ne7 9. Bg5 h6 10. Bd2 c5 11. Ne2 Bxd2 12. Qxd2 cxd4 13. Nexd4 c5 14. Ne2 O-O
15. Ng3 Ng6 16. Rfe1 Bb7 17. c3 Qc7 18. Qe3 Rfd8 19. Rad1 Rab8 20. Rd2 d4 21.
cxd4 Bxf3 22. gxf3 cxd4 23. Qe4 Qa5 24. Ree2 d3 25. Rxd3 Rxd3 26. Qxd3 Nf4 27.
Qd2 Nxe2+ 28. Qxe2 Qxa2 29. Qe4 Qxb2 30. Kg2 a5 31. Nh5 Qb1 32. Qf4 Qf5 33. Qh4
Qg5+ 0-1

[Event "2024 North Island Championships"]
[Site "Wellington NZL"]
[Date "2024.03.30"]
[Round "3.22"]
[White "Tan, Jin"]
[Black "Xu, Luna Yuexiu"]
[Result "0-1"]
[WhiteElo "1567"]
[BlackElo "1753"]
[WhiteFideId "4320972"]
[BlackFideId "4317360"]
[PlyCount "0"]
[EventDate "2024.03.29"]
[SourceDate ""]

1. e4 c5 2. Nf3 d6 3. d4 cxd4 4. Nxd4 Nf6 5. Nc3 a6 6. Be3 e5 7. Nf3 Be7 8. Bc4
O-O 9. O-O Be6 10. Bb3 Bxb3 11. axb3 Nbd7 12. h3 b5 13. Qd3 Qc7 14. Rfc1 b4 15.
Nd5 Nxd5 16. Qxd5 Nf6 17. Qd3 d5 18. Qe2 dxe4 19. Nd2 a5 20. Nc4 Nd7 21. Rd1 f5
22. Rxd7 Qxd7 23. Nb6 Qb7 24. Nxa8 Rxa8 25. Qc4+ Kh8 26. Bc5 Bf6 27. Qe6 f4 28.
Rxa5 Rd8 29. Kh2 e3 30. fxe3 fxe3 31. Bxe3 Qb8 32. Qb6 Qc8 33. Rc5 Qd7 34. Rb5
e4 35. Qc5 Be7 36. Qc4 Qd6+ 37. Kg1 Qd1+ 38. Kf2 Bh4+ 39. g3 Qf3+ 40. Kg1 Rd1+
41. Qf1 Rxf1+ 42. Kh2 Bxg3# 0-1

[Event "2024 North Island Championships"]
[Site "Wellington NZL"]
[Date "2024.03.30"]
[Round "3.23"]
[White "Malcolm, Aidan"]
[Black "Wen, Sandy"]
[Result "1-0"]
[WhiteElo "1744"]
[BlackElo "1484"]
[WhiteFideId "4315073"]
[BlackFideId "4317890"]
[PlyCount "0"]
[EventDate "2024.03.29"]
[SourceDate ""]

1. e4 e6 2. d4 d5 3. e5 c5 4. c3 Nc6 5. Nf3 Be7 6. Bd3 a6 7. O-O f6 8. Qc2 f5
9. Re1 g6 10. Bf1 c4 11. b3 b5 12. a4 Bb7 13. Ba3 Kd7 14. Nbd2 g5 15. Kh1 g4
16. Ng1 Bg5 17. bxc4 dxc4 18. d5 Na5 19. dxe6+ Kxe6 20. Rad1 Qc7 21. Ndf3 Be7
22. Nd4+ Kf7 23. Qxf5+ Nf6 24. Qe6+ Kg7 25. Bxe7 Ne4 26. Nf5# 1-0

[Event "2024 North Island Championships"]
[Site "Wellington NZL"]
[Date "2024.03.30"]
[Round "3.25"]
[White "Gunawan, Geoffrey"]
[Black "Gu, Claire Yuqi"]
[Result "1-0"]
[WhiteElo "1725"]
[BlackElo "1431"]
[Annotator "gordo"]
[PlyCount "79"]
[EventDate "2024.03.29"]

{[%evp 0,16,19,27,65,15,20,20,12,21,21,-2,18,25,32,-5,-1,-1,-11]} 1. Nf3 g6 2.
g3 Bg7 3. Bg2 Nf6 4. O-O O-O 5. c4 d6 6. Nc3 c5 7. Qc2 Bf5 8. d3 Nc6 9. a3 a6
10. Rb1 Nd7 11. b4 Nde5 12. bxc5 Nxc4 13. e4 N4e5 14. exf5 Nxf3+ 15. Bxf3 Nd4
16. Qd1 Nxf3+ 17. Qxf3 Bxc3 18. Bh6 Bg7 19. Bxg7 Kxg7 20. cxd6 Qxd6 21. Rxb7
Qxa3 22. Qe4 Rfe8 23. Re1 e6 24. Qe5+ Kg8 25. fxg6 hxg6 26. Qf6 Rf8 27. Rd7 a5
28. Rd4 Qc3 29. Ree4 Qc1+ 30. Kg2 Qc6 31. Kh3 Qc5 32. Kg2 Qc6 33. h4 a4 34. h5
gxh5 35. Qg5+ Kh8 36. Qxh5+ Kg8 37. Qg5+ Kh7 38. Kh2 e5 39. Rh4+ Qh6 40. Rxh6#
1-0

[Event "2024 North Island Championships"]
[Site "Wellington NZL"]
[Date "2024.03.30"]
[Round "3.28"]
[White "Fisher, Calexico"]
[Black "Ashe, Michael"]
[Result "0-1"]
[WhiteElo "1385"]
[BlackElo "1678"]
[WhiteFideId "0"]
[BlackFideId "4310462"]
[PlyCount "0"]
[EventDate "2024.03.29"]
[SourceDate ""]

1. c4 e5 2. Nc3 Nf6 3. g3 d5 4. cxd5 Nxd5 5. Bg2 Nb6 6. Nf3 Nc6 7. O-O Be7 8.
d3 O-O 9. a3 Re8 10. b4 a6 11. Bb2 Bf8 12. Na4 e4 13. Ne1 exd3 14. exd3 Nxa4
15. Qxa4 Nd4 16. Bxd4 Qxd4 17. Rc1 c6 18. Rc4 Qd6 19. Qc2 Bf5 20. Be4 Bg6 21.
Qa2 Rac8 22. Ng2 b5 23. Rc2 Bxe4 24. dxe4 Rxe4 25. Rd2 Qe6 26. Qc2 Rc4 27. Qd3
c5 28. Nf4 Qc6 29. bxc5 Qxc5 30. Ra1 Rc1+ 31. Rd1 Rxa1 32. Rxa1 Qc3 33. Qxc3
Rxc3 34. a4 Ra3 35. Rc1 Rxa4 36. Nd5 g6 37. Rc8 Kg7 38. Ra8 a5 39. Nc7 b4 40.
Ne8+ Kh6 41. Nf6 b3 42. Rb8 Bb4 43. Rh8 Kg7 0-1

[Event "2024 North Island Championships"]
[Site "Wellington NZL"]
[Date "2024.03.30"]
[Round "3.29"]
[White "Sethuramalingam, Karthik"]
[Black "He, Zachary"]
[Result "1-0"]
[WhiteElo "1672"]
[BlackElo "1276"]
[PlyCount "33"]
[EventDate "2024.03.29"]

1. d4 d5 2. c4 e6 3. Nf3 Nf6 4. g3 Bd6 5. Bg2 O-O 6. O-O Nbd7 7. Qc2 b6 8. Nc3
c5 9. cxd5 exd5 10. Nxd5 Bb7 11. e4 Nxd5 12. exd5 Bxd5 13. Ng5 g6 14. Bxd5 Rc8
15. Qb3 Qf6 16. Ne4 Qe7 17. Bg5 1-0

[Event "2024 North Island Championships"]
[Site "Wellington NZL"]
[Date "2024.03.30"]
[Round "3.30"]
[White "Bohme, Alex"]
[Black "Cui, Oscar"]
[Result "0-1"]
[WhiteElo "1301"]
[BlackElo "1663"]
[WhiteFideId "0"]
[BlackFideId "4313704"]
[PlyCount "0"]
[EventDate "2024.03.29"]
[SourceDate ""]

1. d4 Nf6 2. c4 e5 3. dxe5 Ng4 4. Nf3 Nc6 5. Nc3 Bc5 6. e3 Ngxe5 7. Nxe5 Nxe5
8. b3 d6 9. Bb2 O-O 10. Be2 Bf5 11. O-O Re8 12. Na4 Bb6 13. Nxb6 axb6 14. Bf3
Rb8 15. e4 Nxf3+ 16. Qxf3 Bxe4 17. Qg3 Bg6 18. Rfe1 Qd7 19. h4 h5 20. f4 Qf5
21. Red1 Re4 22. Qc3 f6 23. Rd5 Qxf4 24. Rg5 Kh7 25. Bc1 Qxh4 26. Rg3 Rbe8 27.
Bb2 Re2 28. Rf3 Be4 0-1